000 00448nam a2200181Ia 4500
003 GCL
008 140319s9999 xx 000 0 eng d
040 _aGCL /
_cGCL
082 0 4 _a843
_bC B
100 1 _aCIRAUDOUX, JEAN
245 1 0 _aBELLA /
_cCIRAUDOUX, JEAN
260 _a[S.N] :
_bBERNARD GRASSET ،
_c1985
300 _a232 P
490 _aLES CAHIERS ROUGES
_v0
650 0 4 _aLITERATURE
650 0 4 _aFRENCH LITERATURE
942 _2ddc
_cBK
999 _c21588
_d21588